| 000 | 01076nam0a22002891 4500 | ||
|---|---|---|---|
| 001 | rc\2312228 | ||
| 005 | 20250623074320.0 | ||
| 035 | _a(NLR Aleph) 006671133 | ||
| 090 |
_a4989470 _c4989470 |
||
| 100 | _a20110829d1977 |||y0rusy50 ca | ||
| 101 | 0 | _arus | |
| 102 | _aRU | ||
| 105 | _ay z ||||| | ||
| 200 | 1 |
_aВведение в специальность радиотехнического профиля _eУчеб. пособие |
|
| 210 |
_aЛенинград _cЛЭТИ _d1977 |
||
| 215 |
_a94 с. _d21 |
||
| 300 | _aВ надзаг.: Ленингр. электротехн. ин-т им. В.И. Ульянова (Ленина) | ||
| 320 | _aСписок лит.: с. 92-93 | ||
| 606 |
_aЭлектротехнические институты _xВведение в специальность _2rkp |
||
| 700 | 1 |
_aБренев _bИ.В. _f1901 _gИгорь Васильевич |
|
| 801 | 0 |
_aRU _bNLR _gpsbo |
|
| 801 | 1 |
_aRU _bELAR _2rusmarc |
|
| 852 |
_aNLR _j78-6/77 |
||
| 899 |
_aRuMoRGB _jБ 78-27/259 |
||
| 899 |
_aRuMoRGB _jБ 78-27/260 |
||
| 942 | _cBOOK | ||
| 980 | _aNB | ||